Normal view
MARC view
- Katagiri , Shigeru
Entry Personal Name
001 - CONTROL NUMBER
- control field: 59273
003 - CONTROL NUMBER IDENTIFIER
- control field: NUST
005 - DATE AND TIME OF LATEST TRANSACTION
- control field: 20210628202316.0
008 - FIXED-LENGTH DATA ELEMENTS
- fixed length control field: 210628|| aca||aabn | a|a d
040 ## - CATALOGING SOURCE
- Original cataloging agency: NUST
- Transcribing agency: NUST
100 ## - HEADING--PERSONAL NAME
- Personal name: Katagiri , Shigeru
670 ## - SOURCE DATA FOUND
- Source citation: Work cat.: (NUST): Katagiri , Shigeru, Handbook of neural networks for speech processing, 2000
